[Event "CZE-chT2A 2122"]
[Site "Czech Republic"]
[Date "2022.03.20"]
[Round "10.1"]
[White "Sokolov, Alexander"]
[Black "Serrano Salvador, Eduardo"]
[Result "1/2-1/2"]
[WhiteElo "2339"]
[BlackElo "2263"]
[PlyCount "27"]
[EventDate "2021.10.17"]
[EventType "team-tourn"]
[EventRounds "11"]
[EventCountry "CZE"]
[SourceTitle "EXT 2025"]
[Source "ChessBase"]
[SourceDate "2024.10.14"]
[SourceVersion "1"]
[SourceVersionDate "2024.10.14"]
[SourceQuality "1"]
[WhiteTeam "Pankrac II"]
[BlackTeam "Vysehrad Sokol II"]
[WhiteTeamCountry "CZE"]
[BlackTeamCountry "CZE"]

1. e4 e5 2. f4 d5 3. exd5 exf4 4. Nf3 Nf6 5. Bc4 Nxd5 6. Bxd5 Qxd5 7. Nc3 Qf5 8. d4 Bb4 9. Qe2+ Qe6 10. Bxf4 0-0 11. Qxe6 Bxc3+ 12. bxc3 Bxe6 13. Bxc7 Nd7 14. Bf4 1/2-1/2

[Event "CZE-chT2A 2122"]
[Site "Czech Republic"]
[Date "2022.02.27"]
[Round "9.1"]
[White "Havlik, Jan"]
[Black "Sokolov, Alexander"]
[Result "1-0"]
[WhiteElo "2393"]
[BlackElo "2339"]
[PlyCount "89"]
[EventDate "2021.10.17"]
[EventType "team-tourn"]
[EventRounds "11"]
[EventCountry "CZE"]
[SourceTitle "EXT 2025"]
[Source "ChessBase"]
[SourceDate "2024.10.14"]
[SourceVersion "1"]
[SourceVersionDate "2024.10.14"]
[SourceQuality "1"]
[WhiteTeam "Prachatice Tatran"]
[BlackTeam "Pankrac II"]
[WhiteTeamCountry "CZE"]
[BlackTeamCountry "CZE"]

1. e4 c5 2. Nf3 d6 3. d4 cxd4 4. Nxd4 Nf6 5. Nc3 g6 6. Be3 Bg7 7. f3 Nc6 8. Qd2 0-0 9. g4 Nxd4 10. Bxd4 Be6 11. 0-0-0 Qa5 12. a3 Rab8 13. g5 Nh5 14. Bxg7 Kxg7 15. f4 Rfc8 16. f5 gxf5 17. Be2 Rxc3 18. Qxc3+ Qxc3 19. bxc3 Nf4 20. Bd3 fxe4 21. Bxe4 Bg4 22. Rdf1 e5 23. Kd2 d5 24. Bf3 Bh3 25. Rf2 Rd8 26. Re1 Re8 27. c4 dxc4 28. Bxb7 Kg6 29. Re3 Bd7 30. h4 Kh5 31. Rxe5 Rxe5 32. Rxf4 Be6 33. Be4 Ra5 34. Bxh7 Rxa3 35. Rf6 c3+ 36. Ke3 Ra1 37. Bd3 Bd5 38. Rf5 Be6 39. g6+ Bxf5 40. gxf7 Bxd3 41. f8Q Bxc2 42. Qh8+ Kg6 43. Qxc3 Ra2 44. h5+ Kh7 45. Qc7+ 1-0

[Event "CZE-chT2A 2122"]
[Site "Czech Republic"]
[Date "2022.01.16"]
[Round "6.1"]
[White "Sokolov, Alexander"]
[Black "Mejzlik, Ondrej"]
[Result "1-0"]
[WhiteElo "2339"]
[BlackElo "2306"]
[PlyCount "59"]
[EventDate "2021.10.17"]
[EventType "team-tourn"]
[EventRounds "11"]
[EventCountry "CZE"]
[SourceTitle "EXT 2025"]
[Source "ChessBase"]
[SourceDate "2024.10.14"]
[SourceVersion "1"]
[SourceVersionDate "2024.10.14"]
[SourceQuality "1"]
[WhiteTeam "Pankrac II"]
[BlackTeam "Vlasim II"]
[WhiteTeamCountry "CZE"]
[BlackTeamCountry "CZE"]

1. e4 c6 2. d4 d5 3. Nc3 dxe4 4. Nxe4 Nd7 5. Ng5 Ngf6 6. Bd3 e6 7. N1f3 Bd6 8. Qe2 h6 9. Ne4 Nxe4 10. Qxe4 Nf6 11. Qe2 Qc7 12. Bd2 b6 13. 0-0-0 Bb7 14. Ne5 0-0-0 15. f4 c5 16. dxc5 Bxc5 17. Rhf1 Rhe8 18. Kb1 Kb8 19. g4 Ka8 20. g5 Ng8 21. Bb5 Rf8 22. Bc3 Bd5 23. Nd7 Rxd7 24. Bxd7 Qxd7 25. Bxg7 Qa4 26. b3 Qb4 27. Rxd5 exd5 28. Bxf8 Bxf8 29. Qe8+ Kb7 30. Qxf7+ 1-0

[Event "CZE-ch Betsys Online Blitz"]
[Site "Chess.com INT"]
[Date "2021.04.17"]
[Round "6"]
[White "Sokolov, Alexander"]
[Black "Jedlicka, Ales"]
[Result "0-1"]
[WhiteElo "2354"]
[BlackElo "2195"]
[PlyCount "116"]
[EventDate "2021.04.17"]
[EventType "swiss (blitz)"]
[EventRounds "13"]
[EventCountry "CZE"]
[SourceTitle "CBM 201 Extra"]
[Source "ChessBase"]
[SourceDate "2021.05.31"]
[SourceVersion "1"]
[SourceVersionDate "2021.05.31"]
[SourceQuality "1"]

1. e4 c5 2. Nf3 d6 3. d4 cxd4 4. Nxd4 Nf6 5. Nc3 a6 6. Bc4 e6 7. Bb3 Nbd7 8. Bg5 Nc5 9. 0-0 Be7 10. Re1 0-0 11. Qf3 Qc7 12. Rad1 b5 13. e5 dxe5 14. Bxf6 Bxf6 15. Qc6 Qxc6 16. Nxc6 e4 17. Na5 Bxc3 18. bxc3 Bd7 19. Rd6 Rfc8 20. Red1 Be8 21. Kf1 Kf8 22. Ke2 Nxb3 23. cxb3 Rxc3 24. R1d2 g5 25. b4 Ke7 26. Rb6 Rc7 27. Ke3 f5 28. Rdd6 Bf7 29. Nb7 Rxb7 30. Rxb7+ Kxd6 31. Rxf7 h5 32. Rg7 g4 33. Rh7 Rc8 34. Ra7 Rc3+ 35. Kf4 Rc2 36. Rxa6+ Kd5 37. Kg3 f4+ 38. Kxf4 Rxf2+ 39. Kg3 Rb2 40. Rb6 Rxb4 41. Kf4 e5+ 42. Ke3 Rb1 43. g3 Re1+ 44. Kd2 Rh1 45. Ke3 Rxh2 46. Rxb5+ Ke6 47. a4 Kf5 48. a5 Rg2 49. a6 Rxg3+ 50. Kf2 Ra3 51. Rb6 e3+ 52. Ke2 g3 53. Kf3 h4 54. Rh6 e2+ 55. Kxe2 Kg4 56. Kf1 h3 57. Rg6+ Kf3 58. Rf6+ Ke3 0-1

[Event "CZE-chT1W 1920"]
[Site "Czech Republic"]
[Date "2020.06.13"]
[Round "10.2"]
[White "Sokolov, Alexander"]
[Black "Zeman, Matyas"]
[Result "1/2-1/2"]
[WhiteElo "2362"]
[BlackElo "2247"]
[PlyCount "59"]
[EventDate "2019.10.20"]
[EventType "team-tourn"]
[EventRounds "11"]
[EventCountry "CZE"]
[SourceTitle "EXT 2021"]
[Source "ChessBase"]
[SourceDate "2020.10.23"]
[SourceVersion "1"]
[SourceVersionDate "2020.10.23"]
[SourceQuality "1"]
[WhiteTeam "Pankrac"]
[BlackTeam "Ceske Budejovice"]
[WhiteTeamCountry "CZE"]
[BlackTeamCountry "CZE"]

1. e4 c5 2. Nf3 Nc6 3. d4 cxd4 4. Nxd4 e5 5. Nb5 d6 6. N1c3 a6 7. Na3 Be6 8. Nc4 b5 9. Ne3 Nf6 10. Ned5 Be7 11. Be3 Rb8 12. a4 bxa4 13. Bxa6 Bxd5 14. exd5 Nd4 15. Bxd4 exd4 16. Qxd4 0-0 17. Bb5 Nd7 18. Qxa4 Nc5 19. Qc4 Bf6 20. 0-0 Bxc3 21. bxc3 Qf6 22. Rfe1 Ra8 23. Rxa8 Rxa8 24. Bc6 Rb8 25. Qb4 Rd8 26. Qd4 Qh6 27. h3 Rf8 28. Kh2 Qg5 29. Re3 f5 30. Rg3 1/2-1/2

[Event "Prague op"]
[Site "Prague"]
[Date "2020.02.17"]
[Round "4"]
[White "Sokolov, Alexander"]
[Black "Stalmach, Richard"]
[Result "1/2-1/2"]
[WhiteElo "2376"]
[BlackElo "2203"]
[PlyCount "100"]
[EventDate "2020.02.14"]
[EventType "swiss"]
[EventRounds "9"]
[EventCountry "CZE"]
[SourceTitle "CBM 195 Extra"]
[Source "ChessBase"]
[SourceDate "2020.05.31"]
[SourceVersion "1"]
[SourceVersionDate "2020.05.31"]
[SourceQuality "1"]

1. e4 c5 2. Nf3 e6 3. d4 cxd4 4. Nxd4 Nf6 5. Nc3 d6 6. Bc4 Be7 7. g4 0-0 8. Bb3 Na6 9. g5 Ne8 10. h4 Nc5 11. Be3 g6 12. Qd2 Ng7 13. 0-0-0 a6 14. Kb1 Qc7 15. f4 b5 16. f5 b4 17. f6 bxc3 18. Qxc3 Bb7 19. fxe7 Qxe7 20. Rh2 Nxe4 21. Qe1 a5 22. a4 Nc5 23. Bd2 e5 24. Nb5 Bf3 25. Rc1 Nf5 26. Bc3 Bc6 27. Na3 Nxa4 28. Bxa4 Bxa4 29. Bxa5 Qa7 30. Bb4 Rfb8 31. h5 Bd7 32. Rd1 Be6 33. hxg6 fxg6 34. Re2 Nd4 35. Bxd6 Qb6 36. Bxb8 Rxb8 37. c3 Bf5+ 38. Ka1 Nxe2 39. Qxe2 Qb3 40. Qc4+ Qxc4 41. Nxc4 Ra8+ 42. Na3 Kf7 43. Rh1 Ke6 44. Ka2 Bd3 45. b4 Kf5 46. Rxh7 Kxg5 47. Kb3 Kf4 48. Rf7+ Kg3 49. Nc4 e4 50. Rg7 Bxc4+ 1/2-1/2

[Event "CZE-chT1W 1920"]
[Site "Czech Republic"]
[Date "2020.02.16"]
[Round "8.3"]
[White "Stocek, Jiri"]
[Black "Sokolov, Alexander"]
[Result "1-0"]
[WhiteElo "2569"]
[BlackElo "2362"]
[PlyCount "85"]
[EventDate "2019.10.20"]
[EventType "team-tourn"]
[EventRounds "11"]
[EventCountry "CZE"]
[SourceTitle "CBM 195 Extra"]
[Source "ChessBase"]
[SourceDate "2020.05.31"]
[SourceVersion "1"]
[SourceVersionDate "2020.05.31"]
[SourceQuality "1"]
[WhiteTeam "Line"]
[BlackTeam "Pankrac"]
[WhiteTeamCountry "CZE"]
[BlackTeamCountry "CZE"]

1. d4 Nf6 2. c4 g6 3. Nc3 Bg7 4. Nf3 0-0 5. Bg5 d6 6. e4 h6 7. Be3 e5 8. h3 exd4 9. Nxd4 Re8 10. Bd3 Nbd7 11. 0-0 Nc5 12. Qc2 Qe7 13. Rfe1 c6 14. Rad1 Nxd3 15. Qxd3 Nd7 16. b3 Nc5 17. Qd2 Qh4 18. f3 Be5 19. Nce2 Kh7 20. Bf2 Qe7 21. b4 Ne6 22. f4 Bg7 23. Nf3 Qc7 24. f5 Nf8 25. Ng3 a5 26. c5 dxc5 27. bxc5 a4 28. Qc2 Nd7 29. Ne2 Ne5 30. Ned4 Ra5 31. Nxe5 Qxe5 32. Rc1 Ra8 33. Qc4 Qc7 34. Rcd1 Ra5 35. Rd3 Qe7 36. Nf3 Rb5 37. Rd6 Bf8 38. Bd4 Qc7 39. Rf6 Re7 40. fxg6+ Kg8 41. Ne5 Rxe5 42. Bxe5 Rxc5 43. Rxf7 1-0

[Event "CZE-chT1W 1920"]
[Site "Czech Republic"]
[Date "2020.02.02"]
[Round "7.5"]
[White "Sokolov, Alexander"]
[Black "Vlasak, Lukas"]
[Result "0-1"]
[WhiteElo "2362"]
[BlackElo "2423"]
[PlyCount "74"]
[EventDate "2019.10.20"]
[EventType "team-tourn"]
[EventRounds "11"]
[EventCountry "CZE"]
[SourceTitle "CBM 194 Extra"]
[Source "ChessBase"]
[SourceDate "2020.03.31"]
[SourceVersion "1"]
[SourceVersionDate "2020.03.31"]
[SourceQuality "1"]
[WhiteTeam "Pankrac"]
[BlackTeam "Turnov Zikuda II"]
[WhiteTeamCountry "CZE"]
[BlackTeamCountry "CZE"]

1. e4 e5 2. Nf3 Nf6 3. Nxe5 d6 4. Nc4 Nxe4 5. Nc3 Nxc3 6. bxc3 d5 7. Ne3 c6 8. d4 Bd6 9. Bd3 0-0 10. 0-0 f5 11. f4 Be6 12. c4 Nd7 13. Qf3 dxc4 14. Bxc4 Bxc4 15. Nxc4 Nf6 16. Qb3 Rf7 17. Be3 Nd5 18. Ne5 Bxe5 19. fxe5 b5 20. Rad1 Qe8 21. Bc1 Qe6 22. Rf3 f4 23. Rdf1 Raf8 24. c4 bxc4 25. Qxc4 g5 26. Ba3 Re8 27. Rc1 Rc8 28. Rb3 g4 29. Rb5 Rcc7 30. Rb8+ Kg7 31. Rf1 f3 32. Qb3 fxg2 33. Bf8+ Kg6 34. Qd3+ Kh5 35. Re1 Nf4 36. d5 Nxd3 37. dxe6 Nxe1 0-1

[Event "CZE-chT1W 1920"]
[Site "Czech Republic"]
[Date "2019.11.24"]
[Round "3.6"]
[White "Sokolov, Alexander"]
[Black "Kulhanek, Tomas"]
[Result "1/2-1/2"]
[WhiteElo "2362"]
[BlackElo "2343"]
[PlyCount "41"]
[EventDate "2019.10.20"]
[EventType "team-tourn"]
[EventRounds "11"]
[EventCountry "CZE"]
[SourceTitle "CBM 193 Extra"]
[Source "ChessBase"]
[SourceDate "2020.01.31"]
[SourceVersion "1"]
[SourceVersionDate "2020.01.31"]
[SourceQuality "1"]
[WhiteTeam "Pankrac"]
[BlackTeam "Praha DP EA Hotels"]
[WhiteTeamCountry "CZE"]
[BlackTeamCountry "CZE"]

1. e4 d6 2. d4 Nf6 3. Nc3 g6 4. f4 Bg7 5. Nf3 0-0 6. Bd3 Nc6 7. e5 dxe5 8. fxe5 Nh5 9. Be4 Bg4 10. Be3 f6 11. exf6 Nxf6 12. Bd3 Nd5 13. Nxd5 Qxd5 14. Be2 Qe6 15. Qd2 Bxf3 16. gxf3 Rad8 17. c3 Ne5 18. 0-0 Nc4 19. Bxc4 Qxc4 20. Bf4 Rf7 21. Rae1 1/2-1/2

[Event "Pardubice Czech op-E 30th"]
[Site "Pardubice"]
[Date "2019.07.13"]
[Round "5.3"]
[White "Panesso Rivera, Henry"]
[Black "Sokolov, Alexander"]
[Result "1/2-1/2"]
[WhiteElo "2380"]
[BlackElo "2382"]
[PlyCount "132"]
[EventDate "2019.07.11"]
[EventType "team-swiss"]
[EventRounds "7"]
[EventCountry "CZE"]
[SourceTitle "EXT 2020"]
[Source "ChessBase"]
[SourceDate "2019.10.17"]
[SourceVersion "1"]
[SourceVersionDate "2019.10.17"]
[SourceQuality "1"]
[WhiteTeam "Antioquia"]
[BlackTeam "Pankrac"]
[WhiteTeamCountry "COL"]
[BlackTeamCountry "CZE"]

1. Nf3 Nf6 2. c4 g6 3. Nc3 Bg7 4. d4 0-0 5. e4 d6 6. Be2 e5 7. Be3 h6 8. dxe5 Ng4 9. Bf4 Nxe5 10. Qd2 Kh7 11. Rd1 Nbc6 12. h3 Nxf3+ 13. Bxf3 Nd4 14. Be3 Nxf3+ 15. gxf3 Be6 16. Qd3 Qh4 17. Bd4 Be5 18. Bxe5 dxe5 19. b3 Rfd8 20. Qe3 c6 21. Rxd8 Rxd8 22. Ne2 Qe7 23. Qc3 Qc5 24. h4 b5 25. cxb5 Qxb5 26. Nc1 c5 27. h5 g5 28. a4 Qb4 29. Qxb4 cxb4 30. Ke2 Rc8 31. Nd3 Rc2+ 32. Ke3 Rc3 33. Kd2 Bxb3 34. a5 Rc2+ 35. Ke3 Bc4 36. Nxe5 Re2+ 37. Kd4 Ba2 38. Ng4 Be6 39. Rb1 b3 40. Nf6+ Kh8 41. Nd5 b2 42. Kc3 Rxf2 43. Rxb2 Rxf3+ 44. Kd4 Ra3 45. Nf6 Ra4+ 46. Ke3 Rxa5 47. Rb8+ Kg7 48. Ne8+ Kf8 49. Nf6+ Ke7 50. Ng8+ Kd6 51. Nxh6 Ke5 52. Ng8 Ra3+ 53. Kf2 Rh3 54. h6 f6 55. Rb5+ Kf4 56. Nxf6 Rh2+ 57. Kg1 Rxh6 58. e5 Rh8 59. Ra5 Rd8 60. Rxa7 Kxe5 61. Nh5 Rd1+ 62. Kf2 Rd2+ 63. Ke3 Rd1 64. Ra5+ Bd5 65. Ng3 Rb1 66. Ne2 Rb3+ 1/2-1/2

[Event "Prague Opocensky Memorial"]
[Site "Prague"]
[Date "2019.06.28"]
[Round "8"]
[White "Sokolov, Alexander"]
[Black "Sahidi, Samir"]
[Result "0-1"]
[WhiteElo "2382"]
[BlackElo "2380"]
[PlyCount "48"]
[EventDate "2019.06.22"]
[EventType "tourn"]
[EventRounds "9"]
[EventCountry "CZE"]
[EventCategory "6"]
[SourceTitle "CBM 191 Extra"]
[Source "ChessBase"]
[SourceDate "2019.09.30"]
[SourceVersion "1"]
[SourceVersionDate "2019.09.30"]
[SourceQuality "1"]

1. e4 e5 2. f4 exf4 3. Nf3 g5 4. Bc4 g4 5. 0-0 gxf3 6. Qxf3 Qf6 7. e5 Qxe5 8. d3 Bh6 9. Bd2 Ne7 10. Bc3 Qc5+ 11. Kh1 Rg8 12. Nd2 d5 13. Qh5 Rg6 14. Rae1 Kf8 15. Nb3 Qd6 16. Be5 Qd8 17. Bxf4 Bxf4 18. Rxf4 dxc4 19. Nd4 Qd5 20. Qe2 Nbc6 21. dxc4 Qd6 22. Qf2 f5 23. Qe3 Qf6 24. Nb5 Bd7 0-1

[Event "Prague Opocensky Memorial"]
[Site "Prague"]
[Date "2019.06.26"]
[Round "6"]
[White "Sokolov, Alexander"]
[Black "Sergeev, Vladimir"]
[Result "1/2-1/2"]
[WhiteElo "2382"]
[BlackElo "2411"]
[PlyCount "81"]
[EventDate "2019.06.22"]
[EventType "tourn"]
[EventRounds "9"]
[EventCountry "CZE"]
[EventCategory "6"]
[SourceTitle "CBM 191 Extra"]
[Source "ChessBase"]
[SourceDate "2019.09.30"]
[SourceVersion "1"]
[SourceVersionDate "2019.09.30"]
[SourceQuality "1"]

1. e4 Nf6 2. e5 Nd5 3. d4 d6 4. Nf3 Nb6 5. Be2 g6 6. 0-0 Bg7 7. exd6 cxd6 8. Bg5 h6 9. Bh4 Nc6 10. c3 d5 11. Re1 a6 12. Bd3 Bg4 13. Nbd2 Qd7 14. Qb3 Nc8 15. h3 Bxf3 16. Nxf3 e6 17. Ne5 Nxe5 18. dxe5 Ne7 19. c4 g5 20. Bg3 dxc4 21. Bxc4 Nc6 22. Rad1 Qe7 23. Rd6 0-0 24. Qb6 Rfc8 25. Bd3 Qc7 26. Qe3 Nb4 27. Rd1 Nxd3 28. Qxd3 Qc5 29. Qe4 b5 30. b3 Bf8 31. Rd7 Qc2 32. R1d3 Qb1+ 33. Kh2 Rc1 34. Bf4 Rh1+ 35. Kg3 Rd1 36. Be3 Rxd3 37. Qxd3 Qxd3 38. Rxd3 Rc8 39. h4 Bg7 40. hxg5 hxg5 41. Bxg5 1/2-1/2

[Event "Prague Opocensky Memorial"]
[Site "Prague"]
[Date "2019.06.25"]
[Round "5"]
[White "Burdalev, Kirill"]
[Black "Sokolov, Alexander"]
[Result "1-0"]
[WhiteElo "2385"]
[BlackElo "2382"]
[PlyCount "101"]
[EventDate "2019.06.22"]
[EventType "tourn"]
[EventRounds "9"]
[EventCountry "CZE"]
[EventCategory "6"]
[SourceTitle "CBM 191 Extra"]
[Source "ChessBase"]
[SourceDate "2019.09.30"]
[SourceVersion "1"]
[SourceVersionDate "2019.09.30"]
[SourceQuality "1"]

1. d4 Nf6 2. Nf3 g6 3. c4 Bg7 4. g3 0-0 5. Bg2 d6 6. Nc3 Nbd7 7. 0-0 e5 8. e4 exd4 9. Nxd4 Re8 10. h3 Nc5 11. Re1 a5 12. Ndb5 Nfd7 13. Bg5 Qxg5 14. Nxc7 Qd8 15. Nxa8 Bxc3 16. bxc3 Ne5 17. Rb1 Nxc4 18. Bf1 Be6 19. Bxc4 Bxc4 20. Nb6 Bxa2 21. Rb2 Be6 22. Qd4 Nb3 23. Qe3 Qc7 24. c4 Nc5 25. h4 h5 26. Qc3 Qc6 27. f3 Qc7 28. Kg2 Qc6 29. Ree2 a4 30. Re3 Qc7 31. Qb4 Bd7 32. Nd5 Qd8 33. e5 Bc6 34. Rbe2 Bxd5 35. cxd5 b6 36. exd6 Rf8 37. Qf4 Nb7 38. Qxa4 Nxd6 39. Qc6 Qb8 40. f4 Rc8 41. Qa4 b5 42. Qa6 b4 43. Rb3 Rc4 44. Reb2 Qe8 45. Qxd6 Qe4+ 46. Rf3 Rc3 47. Rbf2 Rc1 48. Qe5 Qb1 49. Rf1 b3 50. Rxc1 Qxc1 51. Qb8+ 1-0

[Event "Prague Opocensky Memorial"]
[Site "Prague"]
[Date "2019.06.23"]
[Round "3"]
[White "Plischki, Sebastian"]
[Black "Sokolov, Alexander"]
[Result "1-0"]
[WhiteElo "2420"]
[BlackElo "2382"]
[PlyCount "75"]
[EventDate "2019.06.22"]
[EventType "tourn"]
[EventRounds "9"]
[EventCountry "CZE"]
[EventCategory "6"]
[SourceTitle "CBM 191 Extra"]
[Source "ChessBase"]
[SourceDate "2019.09.30"]
[SourceVersion "1"]
[SourceVersionDate "2019.09.30"]
[SourceQuality "1"]

1. d4 Nf6 2. c4 g6 3. g3 Bg7 4. Bg2 0-0 5. Nc3 d6 6. Nf3 Nbd7 7. 0-0 e5 8. e4 c6 9. h3 Re8 10. Be3 a5 11. Qc2 exd4 12. Nxd4 Nc5 13. Rad1 Qe7 14. Rfe1 a4 15. f4 Qc7 16. Bf2 Qa5 17. Kh2 Qb4 18. a3 Qa5 19. Nf3 Be6 20. Bxc5 dxc5 21. e5 Nd7 22. Ne4 Bf5 23. Qe2 Bxe4 24. Qxe4 Rad8 25. h4 Nf8 26. Bh3 f6 27. h5 fxe5 28. Rxd8 Qxd8 29. hxg6 hxg6 30. Re2 Ne6 31. Qxg6 Nf8 32. Qe4 Ne6 33. Bxe6+ Rxe6 34. Kg2 Rh6 35. fxe5 Qd1 36. Re1 Qd7 37. e6 Qe7 38. Nh4 1-0

[Event "Prague op"]
[Site "Prague"]
[Date "2019.03.11"]
[Round "4"]
[White "Sedlak, Nikola"]
[Black "Sokolov, Alexander"]
[Result "0-1"]
[WhiteElo "2605"]
[BlackElo "2393"]
[PlyCount "78"]
[EventDate "2019.03.09"]
[EventType "swiss"]
[EventRounds "9"]
[EventCountry "CZE"]
[SourceTitle "CBM 189 Extra"]
[Source "ChessBase"]
[SourceDate "2019.05.31"]
[SourceVersion "1"]
[SourceVersionDate "2019.05.31"]
[SourceQuality "1"]

1. Nf3 Nf6 2. g3 g6 3. b3 Bg7 4. Bb2 0-0 5. Bg2 d6 6. d4 c5 7. c4 cxd4 8. Nxd4 Qc7 9. 0-0 Nc6 10. Nc3 Bd7 11. Rc1 Nxd4 12. Qxd4 Bc6 13. e4 Qb6 14. Qd2 a5 15. Nd5 Bxd5 16. exd5 Nd7 17. Bxg7 Kxg7 18. Rfe1 Rfe8 19. Re4 Nf6 20. Rh4 h5 21. Bf3 Rh8 22. Qb2 Rae8 23. Re1 Qc7 24. Rhe4 Kg8 25. R4e3 h4 26. g4 h3 27. Bd1 Rh4 28. Rg3 b5 29. g5 Ne4 30. Rg4 Rxg4+ 31. Bxg4 Nxg5 32. Qd2 f6 33. f4 f5 34. fxg5 fxg4 35. Re6 Qc5+ 36. Kh1 Rf8 37. Qd3 Rf2 38. Re3 Kf7 39. Rg3 bxc4 0-1

[Event "CZE-chT1W 1819"]
[Site "Czech Republic"]
[Date "2019.03.03"]
[Round "9.3"]
[White "Sokolov, Alexander"]
[Black "Neuman, Petr"]
[Result "1/2-1/2"]
[WhiteElo "2393"]
[BlackElo "2427"]
[PlyCount "33"]
[EventDate "2018.10.21"]
[EventType "team-tourn"]
[EventRounds "11"]
[EventCountry "CZE"]
[SourceTitle "CBM 189 Extra"]
[Source "ChessBase"]
[SourceDate "2019.05.31"]
[SourceVersion "1"]
[SourceVersionDate "2019.05.31"]
[SourceQuality "1"]
[WhiteTeam "Pankrac"]
[BlackTeam "Kozolupy"]
[WhiteTeamCountry "CZE"]
[BlackTeamCountry "CZE"]

1. e4 c6 2. d4 d5 3. exd5 cxd5 4. c4 Nf6 5. Nc3 Nc6 6. Bg5 Ne4 7. cxd5 Nxc3 8. bxc3 Qxd5 9. Nf3 Bg4 10. Be3 e5 11. dxe5 Bxf3 12. Qxf3 Qxe5 13. Rc1 Bc5 14. Bc4 0-0 15. 0-0 Bxe3 16. fxe3 Qe7 17. Bd5 1/2-1/2

[Event "CZE-chT1W 1819"]
[Site "Czech Republic"]
[Date "2019.01.20"]
[Round "6.5"]
[White "Staszko, Martin"]
[Black "Sokolov, Alexander"]
[Result "0-1"]
[WhiteElo "2051"]
[BlackElo "2393"]
[PlyCount "74"]
[EventDate "2018.10.21"]
[EventType "team-tourn"]
[EventRounds "11"]
[EventCountry "CZE"]
[SourceTitle "CBM 188 Extra"]
[Source "ChessBase"]
[SourceDate "2019.02.28"]
[SourceVersion "1"]
[SourceVersionDate "2019.02.28"]
[SourceQuality "1"]
[WhiteTeam "Praha Dukla"]
[BlackTeam "Pankrac"]
[WhiteTeamCountry "CZE"]
[BlackTeamCountry "CZE"]

1. d4 Nf6 2. Nf3 g6 3. c4 Bg7 4. Nc3 0-0 5. e4 d6 6. Be2 e5 7. 0-0 Nc6 8. d5 Ne7 9. Ne1 Ne8 10. Be3 f5 11. f3 Kh8 12. a4 Ng8 13. c5 Bh6 14. Bf2 Ngf6 15. Nd3 Nh5 16. a5 Nef6 17. a6 b6 18. cxb6 cxb6 19. Qb3 fxe4 20. Nxe4 Nxe4 21. fxe4 Nf6 22. Qb4 Bg5 23. Ra3 Bg4 24. Qe1 Rc8 25. Rc3 Rxc3 26. bxc3 Qc8 27. Bxg4 Qxg4 28. h3 Qc8 29. Nb4 Qc4 30. Qa1 Nxe4 31. Bxb6 Ra8 32. Ba5 Be3+ 33. Kh2 Bf4+ 34. Rxf4 exf4 35. Qe1 Re8 36. Nc6 Qb5 37. Nxa7 Qxa5 0-1

[Event "Pardubice Czech op-E 29th"]
[Site "Pardubice"]
[Date "2018.07.15"]
[Round "6"]
[White "Kratochvil, Josef"]
[Black "Sokolov, Alexander"]
[Result "1/2-1/2"]
[WhiteElo "2309"]
[BlackElo "2394"]
[PlyCount "76"]
[EventDate "2018.07.12"]
[EventType "team"]
[EventRounds "7"]
[EventCountry "CZE"]
[SourceTitle "EXT 2019"]
[Source "ChessBase"]
[SourceDate "2018.10.10"]
[SourceVersion "1"]
[SourceVersionDate "2018.10.10"]
[SourceQuality "1"]
[WhiteTeam "Cerebro"]
[BlackTeam "Pankrac"]
[WhiteTeamCountry "CZE"]
[BlackTeamCountry "CZE"]

1. e4 c5 2. Nf3 d6 3. d4 cxd4 4. Nxd4 Nf6 5. Nc3 g6 6. g3 Nc6 7. Nde2 h5 8. Bg5 Ne5 9. Bg2 Bh3 10. 0-0 Bxg2 11. Kxg2 Bg7 12. f4 Nh7 13. fxe5 Nxg5 14. exd6 0-0 15. Qd2 exd6 16. Rad1 Be5 17. h4 Ne6 18. Nd5 Rc8 19. Rf3 Kg7 20. c3 Rc4 21. Qe3 Qa5 22. Nef4 Bxf4 23. gxf4 Qa4 24. b3 Qxa2+ 25. Rd2 Qxb3 26. f5 Nc5 27. Nf4 Nxe4 28. fxg6 Qxc3 29. Nxh5+ Kxg6 30. Rxd6+ f6 31. Rg3+ Kf7 32. Rg7+ Ke8 33. Re6+ Kd8 34. Rxe4 Qxe3 35. Rxe3 Rxh4 36. Rxb7 Rg8+ 37. Ng3 Kc8 38. Rxa7 Rhg4 1/2-1/2